Aperture - Harry Styles (All Lyrics) - Statistics

General Stats
  • This quiz has been taken 93 times
  • The average score is 205 of 254
Answer Stats
Lyrics % Correct
I
100%
to
100%
Aperture
97%
belong
97%
in
97%
In
97%
on
97%
together
97%
We
97%
It
95%
it
95%
lets
95%
light
95%
the
95%
it's
94%
It's
94%
you
91%
appears
89%
know
89%
finally
88%
go
88%
Go
88%
me
88%
no
88%
love
86%
what
86%
don't
85%
I'm
85%
only
85%
best
83%
my
83%
for
80%
going
80%
Take
80%
knees
76%
you're
76%
clean
74%
Drinks
74%
straight
74%
prisoners
70%
told
70%
won't
68%
from
67%
is
67%
Time
67%
sleeve
65%
tricks
65%
up
65%
complicated
64%
elevating
64%
more
64%
Tokyo
62%
wait
62%
these
59%
spaces
58%
safe
56%
sold,
56%
stray
55%
toying
53%
player
52%
with
52%
wanna
48%
Bad
47%
boys,
47%
later
44%
review
44%
and
42%
ask
41%
called
41%
Game
41%
questions
41%
scenes
41%
halls,
38%
Dance
36%
forth,
36%
good
36%
I've
36%
Trap
36%
another
35%
doors,
35%
codes
33%
cadence
32%
receive
30%
state
27%
No matching quizzes found
Score Distribution
Percent of People with Each Score
Percentile by Number Answered
Your Score History
You have not taken this quiz